| 000 | 01240cam a22003617a 4500 | ||
|---|---|---|---|
| 003 | CHAP | ||
| 005 | 20220817043434.0 | ||
| 008 | 980423d1997 mx r 00110 spa d | ||
| 010 | _a75383 | ||
| 011 | _a76355 | ||
| 020 | _a9681853571 | ||
| 035 | _a85938 | ||
| 040 | _cCHAP | ||
| 082 | 0 | 4 |
_a338.972 _bA51 |
| 100 | 0 | 0 |
_aAnda Gutierrez, Cuauhtemoc. _95534 |
| 245 | 1 | 0 |
_aEntorno socieconómico de México _c/por Cuauhtémoc Anda Gutiérrez |
| 260 |
_aMéxico, D.F. : _bLimusa, _c1997. |
||
| 300 | _a279 p. | ||
| 590 |
_aBATCH-UPD _b10 _c20130110 _lUCH01 _h1643 |
||
| 590 |
_aBATCH-UPD _b10 _c20130410 _lUCH01 _h1033 |
||
| 590 |
_aBATCH-UPD _b10 _c20130914 _lUCH01 _h1058 |
||
| 590 |
_aCONVERSION _b10 _c20130109 _lUCH01 _h1341 |
||
| 650 | 1 | 4 |
_aCrisis económica. _928975 |
| 650 | 1 | 4 |
_aGeografía económica _zMéxico. _947588 |
| 650 | 1 | 4 |
_aMéxico _xCondiciones económicas. |
| 650 | 1 | 4 | _aTratado Trilateral de Libre Comercio. |
| 790 | _aPlan Nacional de Desarrollo 1995-2000 | ||
| 901 | _aBK | ||
| 905 | _aLilia Sánchez G. | ||
| 942 | _cLIBRO | ||
| 949 |
_a338.972 A51 _bBC _cLIBRO _d33724000594347 _eLIBRO _fc.2 _gI. c/e _h93152 _i85938 _si _t$36.00 |
||
| 949 |
_a338.972 A51 _bBC _cLIBRO _d33724000594354 _eLIBRO _gI. c/e _h93151 _i85938 _si _t$35.00 |
||
| 999 |
_c75383 _d75383 |
||